000 00904nam a2200205 i 4500
001 162288
003 ES-MaACL
005 20250829114132.0
008 991008s1878 po |||| | por d
040 _aCCPB | B
_bspa
_cCCPB | B
100 0 _aPlutarco
_992678
245 1 0 _aBiographia de Quinto Sertorio /
_cpor Plutarcho de Chéronéa ; traduzida em portuguez segundo a versão de E. Talbot e precedida de algumas observações sobre a romanisação da peninsula Iberica por Gabriel Pereira.
260 _aEvora :
_b[s.n.],
_c1878 (
_fTyp. de F.C. Bravo)
300 _aXXI, [2], 30, [2] p. ;
_c22 cm.
600 1 7 _aSertorio, Quinto,
_d122 a. C.-72 a. C.
_2embne
_9132683
700 1 _aTalbot, Eugéne.
_9133106
700 0 _aPereira, Gabriel.
_990471
852 _aES-MaACL
_jT-425-F-7
_z-- Enc. hol.
_q-- Falto de la cub. original
_z-- Enc. en un vol. facticio
999 _c162288
_d162288